Moderní farmakoterapie v gynekologii a porodnictví /

Hlavní autor: Fait, Tomáš, 1971-
Další autoři: Zikán, Michal, 1976-, Mašata, Jaromír, 1969-
Jazyk: Čeština
Vydáno: Praha : Maxdorf, c2014
Edice: Jessenius
Moderní farmakoterapie
Témata:
Fyzický popis: 477 s. : il. (některé barev.) ; 23 cm
Knihy
Uloženo v:
LEADER 01894nam a2200505 a 4500
001 nkc20152660010
003 CZ PrNK
005 20150421104742.0
007 ta
008 150204s2014 xr a f 001 0 cze
015 |a cnb002660010 
020 |a 978-80-7345-403-6  |q (brož.) 
035 |a (OCoLC)904580255 
040 |a ABA001  |b cze 
072 7 |a 618  |x Gynekologie. Porodnictví  |2 Konspekt  |9 14 
080 |a 618.1  |2 MRF 
080 |a 618.2  |2 MRF 
080 |a 616-08:615.2/.3  |2 MRF 
080 |a (048.8:082)  |2 MRF 
100 1 |a Fait, Tomáš,  |d 1971-  |7 xx0053331  |4 aut 
245 1 0 |a Moderní farmakoterapie v gynekologii a porodnictví /  |c Tomáš Fait, Michal Zikán, Jaromír Mašata 
260 |a Praha :  |b Maxdorf,  |c c2014 
300 |a 477 s. :  |b il. (některé barev.) ;  |c 23 cm 
490 1 |a Jessenius 
490 1 |a Moderní farmakoterapie 
504 |a Obsahuje bibliografie, bibliografické odkazy a rejstřík 
650 0 7 |a gynekologie  |7 ph120631  |2 czenas 
650 0 7 |a porodnictví  |7 ph124365  |2 czenas 
650 0 7 |a farmakoterapie  |7 ph134781  |2 czenas 
650 0 9 |a gynecology  |2 eczenas 
650 0 9 |a obstetrics  |2 eczenas 
650 0 9 |a pharmacotherapy  |2 eczenas 
655 7 |a kolektivní monografie  |7 fd501537  |2 czenas 
655 9 |a collective monographs  |2 eczenas 
700 1 |a Zikán, Michal,  |d 1976-  |7 xx0096708  |4 aut 
700 1 |a Mašata, Jaromír,  |d 1969-  |7 mzk2004250988  |4 aut 
830 0 |a Jessenius  |0 s 
830 0 |a Moderní farmakoterapie  |0 s 
910 2 |a BOA001  |b 2-1341.155 
990 |a BK 
995 |a 01 
991 |b 201502  |c NOV  |e n 
996 6 |b 2610620217  |c 2-1341.155  |l MZK  |r Sklad / do 1 hodiny  |n 1  |p p.v.  |w 001486181  |u 000010  |a 1  |e BOA001  |j MZK50  |s P 
996 7 |b 2610631329  |c 2-1341.155  |l MZK  |r Sklad / do 1 hodiny  |n 5  |p kup  |w 001486181  |u 000020  |a 1  |e BOA001  |j MZK50  |s A 
996 7 |b 2610631330  |c 2-1341.155  |l MZK  |r Sklad / do 1 hodiny  |n 14  |p kup  |w 001486181  |u 000030  |a 1  |e BOA001  |j MZK50  |s A